000 01330cam a2200289 i 4500
003 SA-RiAUC
005 20251113121253.0
008 251019s1988 sy a g b 00000 ara c
040 _aSA-RiAUC
_bara
_cSA-RiAUC
_erda
043 _af-ae---
082 0 4 _a965.03
_qSA-RiAUC
090 _a965.03
_bم ط ب
100 1 _aمطبقاني، مازن صلاح،
_d1369 هجري-
_eمؤلف.
245 1 0 _aجمعية العلماء المسلمين الجزائريين ودورها في الحركة الوطنية الجزائرية 1349-1358 هـ. / 1931-1939 م. /
_cمازن صلاح حامد مطبقاني ؛ تقديم أبو القاسم سعد الله.
250 _aالطبعة الأولى.
264 1 _aدمشق :
_aبيروت :
_bدار القلم للنشر ؛
_bدار العلوم،
_c1988
300 _a296 صفحة :
_bإيضاحيات ؛
_c24 سم
336 _aنص
_btxt
_2rdacontent
_3كتاب
337 _aبدون وسيط
_bn
_2rdamedia
338 _aمجلد
_bnc
_2rdacarrier
504 _aببليوجرافية : صفحة 245-266.
525 _aملاحق : ص. 267-296.
650 2 7 _aالإسلام
_zالجزائر
_xجمعيات، إلخ.
_2aucsh
700 1 _aسعد الله، أبو القاسم،
_d1930-2013
_eمقدم.
942 _2ddc
_cBOOK
_n0
949 _aSA-JeALM
_d251019
_umohamedma123
_n1
999 _c13238
_d13238